|
|
|
|
| LEADER |
00000cam a2200000 7i4500 |
| 001 |
0000007903 |
| 002 |
000008477 |
| 005 |
20000330.0 |
| 020 |
|
|
|a 0713725079
|
| 090 |
0 |
0 |
|a 153.14
|b HER
|
| 100 |
1 |
|
|a Herrmann, Douglas J
|
| 245 |
1 |
0 |
|a Super memory
|a a quick-action programme for memory improvement
|c Douglas J.Herrmann
|
| 260 |
|
|
|a London :
|b A Blandford Book ,
|c 1996
|
| 300 |
|
|
|a 274p. ;
|c 22cm.
|
| 650 |
0 |
0 |
|a Creative thinking
|
| 650 |
0 |
0 |
|a Memory
|
| 999 |
|
|
|a 046779
|b BUKU
|c PINJAMAN
|e PERPUSTAKAAN KOMUNITI PETALING JAYA
|
| 999 |
|
|
|a 048855
|b BUKU
|c PINJAMAN
|e PERPUSTAKAAN KOMUNITI PETALING JAYA
|
| 999 |
|
|
|a 076461
|b BUKU
|c PINJAMAN
|e PERPUSTAKAAN KOMUNITI PETALING JAYA
|